[Event "Muensterland Verbandsklasse-A 1213"]
[Site "Germany"]
[Date "2012.09.15"]
[Round "1.3"]
[White "Jonas, Robert"]
[Black "Bickmann, Johannes"]
[Result "0-1"]
[WhiteElo "1751"]
[BlackElo "1895"]
[PlyCount "70"]
[EventDate "2012.09.15"]
[EventType "team-tourn"]
[EventRounds "9"]
[EventCountry "GER"]
[SourceTitle "EXT 2015"]
[Source "ChessBase"]
[SourceDate "2014.11.20"]
[SourceVersion "1"]
[SourceVersionDate "2014.11.20"]
[SourceQuality "1"]
[WhiteTeam "Ibbenbueren"]
[BlackTeam "Neuenkirchen II"]
[WhiteTeamCountry "GER"]
[BlackTeamCountry "GER"]

1. e4 c5 2. Nf3 d6 3. d4 cxd4 4. Nxd4 Nf6 5. Nc3 g6 6. Be3 Bg7 7. Qd2 Ng4 8. Bg5 h6 9. Bh4 Nc6 10. Bb5 Qb6 11. 0-0-0 g5 12. Nd5 Qxd4 13. Qxd4 Bxd4 14. Rxd4 Kd8 15. Rd2 gxh4 16. h3 Nge5 17. f4 Nd7 18. Rhd1 a6 19. Be2 b5 20. Bg4 Rb8 21. Bh5 Rf8 22. Bf3 Na5 23. b3 Bb7 24. Nxe7 Kxe7 25. Rxd6 Rbd8 26. Rxh6 Nf6 27. Re1 Rh8 28. Rxh8 Rxh8 29. Kd2 Nc6 30. e5 Rd8+ 31. Kc1 Nd5 32. f5 f6 33. exf6+ Kxf6 34. c4 bxc4 35. bxc4 Nde7 0-1

[Event "Muensterland Verbandsliga 0607"]
[Site "Germany"]
[Date "2007.05.05"]
[Round "9.6"]
[White "Bickmann, Johannes"]
[Black "Bruemmer, Andreas"]
[Result "1-0"]
[WhiteElo "1882"]
[BlackElo "1969"]
[PlyCount "61"]
[EventDate "2006.09.16"]
[EventType "team"]
[EventRounds "9"]
[EventCountry "GER"]
[SourceTitle "EXT 2008"]
[Source "ChessBase"]
[SourceDate "2007.11.25"]
[SourceVersion "1"]
[SourceVersionDate "2007.11.25"]
[SourceQuality "1"]
[WhiteTeam "Neuenkirchen"]
[BlackTeam "Rheine Klein Berlin"]
[WhiteTeamCountry "GER"]
[BlackTeamCountry "GER"]

1. e4 g6 2. d4 Bg7 3. Nc3 d6 4. Be3 c6 5. Nf3 Nf6 6. h3 b5 7. a3 a6 8. Bd3 Nbd7 9. Qd2 Bb7 10. Bh6 Bxh6 11. Qxh6 Qc7 12. 0-0 0-0-0 13. Ng5 Rdf8 14. f4 e5 15. fxe5 dxe5 16. dxe5 Qxe5 17. Rae1 Ng8 18. Qh4 f6 19. Nf3 Qc5+ 20. Kh1 Ne7 21. e5 Nd5 22. Ne4 Qe7 23. exf6 N7xf6 24. Nxf6 Qxf6 25. Qg4+ Kc7 26. Ng5 Qd6 27. Ne6+ Kb8 28. Nxf8 Rxf8 29. Rxf8+ Qxf8 30. Qd7 c5 31. Re8+ 1-0

[Event "Muensterland Verbandsliga 0607"]
[Site "Germany"]
[Date "2007.03.17"]
[Round "7.6"]
[White "Bickmann, Johannes"]
[Black "Te Sligte, Bert"]
[Result "1-0"]
[WhiteElo "1882"]
[BlackElo "1808"]
[PlyCount "103"]
[EventDate "2006.09.16"]
[EventType "team"]
[EventRounds "9"]
[EventCountry "GER"]
[SourceTitle "EXT 2008"]
[Source "ChessBase"]
[SourceDate "2007.11.25"]
[SourceVersion "1"]
[SourceVersionDate "2007.11.25"]
[SourceQuality "1"]
[WhiteTeam "Neuenkirchen"]
[BlackTeam "Stadtlohn"]
[WhiteTeamCountry "GER"]
[BlackTeamCountry "GER"]

1. e4 e5 2. Nf3 Nc6 3. Bb5 a6 4. Bxc6 dxc6 5. 0-0 Bg4 6. h3 Bxf3 7. Qxf3 Qf6 8. Qxf6 Nxf6 9. d3 Bd6 10. Be3 0-0-0 11. Nd2 Nd7 12. Nc4 f6 13. f4 Rhe8 14. f5 Bc5 15. Rae1 Bxe3+ 16. Rxe3 Nc5 17. b3 b6 18. g4 h6 19. h4 Rh8 20. Rf2 Nb7 21. Rg3 Rh7 22. Rh2 Rdh8 23. Ne3 Nd6 24. Kg2 Nb5 25. Kf1 Nd6 26. Ke2 Kd7 27. Nd1 c5 28. Nc3 b5 29. Ke3 c6 30. Nd1 a5 31. Rgh3 Kc7 32. Nf2 Kd7 33. c3 Ke7 34. d4 c4 35. dxe5 fxe5 36. Nh1 cxb3 37. axb3 Ra8 38. Ng3 a4 39. bxa4 bxa4 40. Ra2 Rhh8 41. Nh5 Kf7 42. Rh1 Rhd8 43. g5 a3 44. g6+ Kf8 45. Rb1 Nc4+ 46. Ke2 Ra5 47. Rb7 Nd6 48. Rxg7 Rb8 49. Rd7 Ne8 50. f6 Rb2+ 51. Rxb2 axb2 52. g7+ 1-0

[Event "Muensterland Verbandsliga 0506"]
[Site "Germany"]
[Date "2006.01.28"]
[Round "6.8"]
[White "Bickmann, Johannes"]
[Black "Loeckener, Thomas"]
[Result "1-0"]
[WhiteElo "1842"]
[BlackElo "1718"]
[PlyCount "87"]
[EventDate "2005.08.27"]
[EventType "team"]
[EventRounds "9"]
[EventCountry "GER"]
[SourceTitle "EXT 2006"]
[Source "ChessBase"]
[SourceDate "2005.11.24"]
[SourceVersion "1"]
[SourceVersionDate "2005.11.24"]
[SourceQuality "1"]
[WhiteTeam "Neuenkirchen"]
[BlackTeam "Saerbeck"]
[WhiteTeamCountry "GER"]
[BlackTeamCountry "GER"]

1. e4 c5 2. Nf3 d6 3. d4 cxd4 4. Nxd4 Nf6 5. Nc3 g6 6. g3 Bg7 7. Bg2 0-0 8. 0-0 Bd7 9. Nd5 Nc6 10. Ne2 Ne8 11. Bg5 h6 12. Be3 Kh7 13. h4 e6 14. Ndc3 Qe7 15. Qd2 Rd8 16. Rad1 Bc8 17. Nf4 Nf6 18. Qe2 b6 19. h5 g5 20. Nd3 Ba6 21. f4 gxf4 22. Rxf4 d5 23. exd5 exd5 24. Rdf1 Rd6 25. Qf2 Bxd3 26. cxd3 d4 27. Bxd4 Nxd4 28. Rxd4 Rxd4 29. Qxd4 Nxh5 30. Qg4 Qe3+ 31. Kh2 Nf6 32. Qf5+ Kh8 33. Ne4 Qxd3 34. Nxf6 Qxf5 35. Rxf5 Rd8 36. Nd5 Bxb2 37. Rxf7 Rd6 38. Rxa7 Kg8 39. Rb7 Bd4 40. Ne7+ Kf8 41. Nf5 Rd8 42. Nxd4 Rxd4 43. Rxb6 Rd2 44. a4 1-0

[Event "Steinfurt Bezirksliga 0304"]
[Site "Germany"]
[Date "2004.05.22"]
[Round "9.1"]
[White "Hokamp, Sascha"]
[Black "Bickmann, Johannes"]
[Result "1/2-1/2"]
[WhiteElo "1860"]
[BlackElo "1859"]
[PlyCount "72"]
[EventDate "2003.10.18"]
[EventType "team-tourn"]
[EventRounds "9"]
[EventCountry "GER"]
[SourceTitle "EXT 2005"]
[Source "ChessBase"]
[SourceDate "2004.11.15"]
[SourceVersion "1"]
[SourceVersionDate "2004.11.15"]
[SourceQuality "1"]
[WhiteTeam "Reckenfeld"]
[BlackTeam "Neuenkirchen II"]
[WhiteTeamCountry "GER"]
[BlackTeamCountry "GER"]

1. Nf3 f5 2. c4 Nf6 3. d4 g6 4. g3 Bg7 5. Bg2 0-0 6. 0-0 d6 7. Nc3 Qe8 8. d5 Na6 9. Nd4 Bd7 10. e4 fxe4 11. Nxe4 Nxe4 12. Bxe4 Nc5 13. Bg2 a5 14. Be3 Rb8 15. Qd2 e5 16. dxe6 Nxe6 17. Rfe1 Qf7 18. Bd5 Rbe8 19. Qxa5 c6 20. Nxe6 Bxe6 21. Bxe6 Rxe6 22. Qd2 Qf6 23. Re2 Qf3 24. Rf1 Re4 25. Ree1 Rxc4 26. Qxd6 Rc2 27. Bc5 Qf5 28. b4 Rf7 29. Re8+ Bf8 30. a4 h5 31. a5 h4 32. Rxf8+ Rxf8 33. Qxf8+ Qxf8 34. Bxf8 Kxf8 35. gxh4 Rb2 36. Rd1 Rxb4 1/2-1/2

[Event "Steinfurt Bezirksliga 0304"]
[Site "Germany"]
[Date "2004.01.24"]
[Round "4.1"]
[White "Bickmann, Johannes"]
[Black "Pohlmeier, Ulrich"]
[Result "1-0"]
[WhiteElo "1859"]
[BlackElo "1621"]
[PlyCount "83"]
[EventDate "2003.10.18"]
[EventType "team-tourn"]
[EventRounds "9"]
[EventCountry "GER"]
[SourceTitle "EXT 2005"]
[Source "ChessBase"]
[SourceDate "2004.11.15"]
[SourceVersion "1"]
[SourceVersionDate "2004.11.15"]
[SourceQuality "1"]
[WhiteTeam "Neuenkirchen II"]
[BlackTeam "Rheine Klein Berlin II"]
[WhiteTeamCountry "GER"]
[BlackTeamCountry "GER"]

1. e4 e5 2. Nf3 Nc6 3. Bb5 Nf6 4. 0-0 d6 5. h3 Bd7 6. Qe2 Be7 7. c3 0-0 8. d4 exd4 9. cxd4 a6 10. Ba4 b5 11. Bb3 Na5 12. Bc2 Nc4 13. e5 Ne8 14. Qe4 f5 15. Qd5+ Kh8 16. Ng5 Bxg5 17. Bxg5 Nb6 18. Bxd8 Nxd5 19. Bh4 dxe5 20. dxe5 c5 21. Rd1 Nec7 22. Nc3 Be6 23. Nxd5 Nxd5 24. a4 Nb4 25. Bb1 Bb3 26. Rd7 Bxa4 27. Be7 Rfe8 28. Bxf5 Nc6 29. Be4 Nxe5 30. Rc7 Rac8 31. Rxc5 Rxc5 32. Bxc5 Nc4 33. b3 Bxb3 34. Rxa6 h6 35. Bg6 Rb8 36. Ra7 Nd2 37. Bd4 Rg8 38. f4 Bd5 39. f5 Ne4 40. f6 Nd6 41. fxg7+ Rxg7 42. Rxg7 1-0

[Event "Steinfurt Bezirksliga 0304"]
[Site "Germany"]
[Date "2003.11.22"]
[Round "2.1"]
[White "Bickmann, Johannes"]
[Black "Lagemann, Stefan"]
[Result "1/2-1/2"]
[WhiteElo "1859"]
[BlackElo "2088"]
[PlyCount "113"]
[EventDate "2003.10.18"]
[EventType "team-tourn"]
[EventRounds "9"]
[EventCountry "GER"]
[SourceTitle "EXT 2005"]
[Source "ChessBase"]
[SourceDate "2004.11.15"]
[SourceVersion "1"]
[SourceVersionDate "2004.11.15"]
[SourceQuality "1"]
[WhiteTeam "Neuenkirchen II"]
[BlackTeam "Westerkappeln"]
[WhiteTeamCountry "GER"]
[BlackTeamCountry "GER"]

1. e4 c5 2. Nc3 Nc6 3. g3 e6 4. Bg2 Nf6 5. Nge2 Be7 6. 0-0 0-0 7. d3 Rb8 8. a4 a6 9. h3 b5 10. axb5 axb5 11. g4 b4 12. Nb1 d5 13. Ng3 dxe4 14. Nxe4 Nxe4 15. Bxe4 Bb7 16. Nd2 Nd4 17. c3 bxc3 18. bxc3 Nb5 19. Qf3 Bxe4 20. Nxe4 f5 21. Ng3 Nxc3 22. gxf5 Bd6 23. Bd2 Bxg3 24. Bxc3 Rxf5 25. Qe3 Bc7 26. Qxe6+ Rf7 27. Ra7 Qg5+ 28. Kh1 Qf4 29. Rxc7 Qxc7 30. Rg1 Kh8 31. h4 Qb7+ 32. Qe4 Qxe4+ 33. dxe4 Kg8 34. h5 Rb3 35. Rg3 c4 36. Kg2 h6 37. e5 Re7 38. f4 Ra7 39. e6 Ra2+ 40. Kh3 Ra7 41. f5 Kf8 42. Kg4 Ke8 43. Bd4 Rxg3+ 44. Kxg3 Rb7 45. Kf4 Rc7 46. Bc3 Rb7 47. Ke4 Rc7 48. Kd5 Kf8 49. Kd6 Rb7 50. Kc5 Rc7+ 51. Kb6 Rc8 52. Kb5 Kg8 53. Kb4 Kf8 54. Be5 Kg8 55. Kc3 Kf8 56. Bd6+ Ke8 57. Be5 1/2-1/2

[Event "Steinfurt Bezirksliga 0203"]
[Site "Germany"]
[Date "2003.04.26"]
[Round "8.1"]
[White "Bickmann, Johannes"]
[Black "Keller, Hansjuergen"]
[Result "1-0"]
[WhiteElo "1862"]
[BlackElo "1689"]
[PlyCount "49"]
[EventDate "2002.09.14"]
[EventType "team-tourn"]
[EventRounds "9"]
[EventCountry "GER"]
[SourceTitle "EXT 2004"]
[Source "ChessBase"]
[SourceDate "2003.11.25"]
[SourceVersion "1"]
[SourceVersionDate "2003.11.25"]
[SourceQuality "1"]
[WhiteTeam "Neuenkirchen II"]
[BlackTeam "Nordwalde II"]
[WhiteTeamCountry "GER"]
[BlackTeamCountry "GER"]

1. e4 c5 2. Nf3 e6 3. d4 cxd4 4. Nxd4 a6 5. Nc3 Qc7 6. Be2 Nf6 7. 0-0 d6 8. f4 g6 9. f5 Bg7 10. fxe6 fxe6 11. Bg5 0-0 12. Qd2 Nc6 13. Nb3 Bd7 14. Rad1 Rad8 15. Qxd6 Qxd6 16. Rxd6 Bc8 17. Rxd8 Nxd8 18. e5 Nd5 19. Rxf8+ Kxf8 20. Nxd5 exd5 21. Bxd8 Bxe5 22. c3 Bd7 23. Bb6 Kf7 24. Na5 Bc8 25. Bf3 1-0

[Event "Steinfurt Bezirksliga 0203"]
[Site "Germany"]
[Date "2003.02.22"]
[Round "6.1"]
[White "Bruemmer, Andreas"]
[Black "Bickmann, Johannes"]
[Result "1-0"]
[WhiteElo "1935"]
[BlackElo "1862"]
[PlyCount "131"]
[EventDate "2002.09.14"]
[EventType "team-tourn"]
[EventRounds "9"]
[EventCountry "GER"]
[SourceTitle "EXT 2004"]
[Source "ChessBase"]
[SourceDate "2003.11.25"]
[SourceVersion "1"]
[SourceVersionDate "2003.11.25"]
[SourceQuality "1"]
[WhiteTeam "Rheine SG"]
[BlackTeam "Neuenkirchen II"]
[WhiteTeamCountry "GER"]
[BlackTeamCountry "GER"]

1. d4 Nf6 2. c4 g6 3. Nc3 Bg7 4. e4 d6 5. Nf3 0-0 6. Be2 e5 7. 0-0 Nc6 8. d5 Ne7 9. Ne1 Ne8 10. Nd3 f5 11. f3 Nf6 12. g4 c6 13. Be3 cxd5 14. cxd5 Ne8 15. Rc1 Kh8 16. Kg2 Ng8 17. Qd2 Qh4 18. Bg5 Bh6 19. Bxh4 Bxd2 20. Rc2 Be3 21. Bf2 Bxf2 22. Nxf2 fxg4 23. fxg4 Bd7 24. Rfc1 Rf7 25. Nb1 b5 26. Nd2 Nef6 27. h3 h5 28. g5 Nh7 29. h4 Raf8 30. Nd3 Ne7 31. Rc7 Nc8 32. Kg3 a6 33. Nf3 Nb6 34. Nd2 Rc8 35. b3 Nf8 36. Rb7 Rxc1 37. Nxc1 Nc8 38. Nd3 Kg7 39. Rc7 Kg8 40. Nf3 Bg4 41. Rc1 Ne7 42. Ng1 Bd7 43. Rc7 Nc8 44. Bf3 a5 45. a3 a4 46. bxa4 bxa4 47. Nb4 Nb6 48. Ne2 Bb5 49. Rxf7 Kxf7 50. Nc3 Bc4 51. Bd1 Bb3 52. Be2 Bc4 53. Nxa4 Nfd7 54. Nxb6 Nxb6 55. Bd1 Bb5 56. Kf2 Ke7 57. Be2 Ba4 58. Ke3 Bb3 59. Nc6+ Kd7 60. Na5 Ba4 61. Kd2 Kc7 62. Kc3 Bd7 63. Kb4 Na4 64. Bxh5 gxh5 65. g6 Nc5 66. g7 1-0